000 00565nam a2200193Ia 4500
005 20250508164920.0
008 008 250505s9999 xx 000 0 hin d
037 _aDissertations
040 _aFEDL
_beng
_cFEDL
041 _ahin
_2eng
084 _a371.33, SAT/DI
_qFEDL
100 _aSatish Kumar
245 0 _aShiksha mein rangmanch ki bhumika M.Ed upadhi hetu prastut shodh-prabandh
260 _c1998
300 _a81p.
546 _aM.Ed. Dissertation (Delhi University)
942 _cDIS
_h371.33, SAT/DI
999 _c1391988
_d1391988